Library Banner

Mojoodah alami halat ke tanazar mein Islam aur Pakistan ka mustaqbil = موجودہ عالمی حالات کے تناظر میں اسلام اور پاکستن کا مستقبل / (Record no. 134269)

MARC details
000 -LEADER
fixed length control field 00589nam a22001457a 4500
005 - DATE AND TIME OF LATEST TRANSACTION
control field 20240604115232.0
008 - FIXED-LENGTH DATA ELEMENTS--GENERAL INFORMATION
fixed length control field 240604b ||||| |||| 00| 0 eng d
040 ## - CATALOGING SOURCE
Transcribing agency PK-LaUMT
082 ## - DEWEY DECIMAL CLASSIFICATION NUMBER
Classification number APC 297.2735491
Item number ISR-M
100 ## - MAIN ENTRY--PERSONAL NAME
Personal name Israr Ahmad = اسرار احمد
245 ## - TITLE STATEMENT
Title Mojoodah alami halat ke tanazar mein Islam aur Pakistan ka mustaqbil = موجودہ عالمی حالات کے تناظر میں اسلام اور پاکستن کا مستقبل /
Statement of responsibility, etc by Israr Ahmad = اسرار احمد
260 ## - PUBLICATION, DISTRIBUTION, ETC. (IMPRINT)
Place of publication, distribution, etc Lahore :
Name of publisher, distributor, etc Maktaba Khuddam ul Quran,
Date of publication, distribution, etc 2018
300 ## - PHYSICAL DESCRIPTION
Extent 80 p.
942 ## - ADDED ENTRY ELEMENTS (KOHA)
Koha item type Books
Holdings
Withdrawn status Lost status Damaged status Home library Current library Date acquired Full call number Barcode Date last seen Price effective from Koha item type
      UMT Main Campus UMT Main Campus 2024-06-04 APC 297.2735491 ISR-M 146712 2024-06-04 2024-06-04 Books